Oceňovanie vybranej časti podniku diplomová práca

Uložené v:
Podrobná bibliografia
Hlavný autor: Ciberejová, Katarína
Korporativný autor: Podnikovohospodárska fakulta EU so sídlom v Košiciach. Katedra hospodárskej informatiky a matematiky
Ďalší autori: Lyócsa, Štefan, 1982-
Médium: Kniha
Jazyk:Slovak
Vydavateľské údaje: Košice 2010
Tagy: Pridať tag
Žiadne tagy, Buďte prvý, kto otaguje tento záznam!

MARC

LEADER 00000nam$a2200000$$$4500
001 0123105
005 20240318122940.3
041 0 |a slo 
044 |a SK 
245 1 0 |a Oceňovanie vybranej časti podniku  |b diplomová práca  |c Katarína Ciberejová ; škol. Štefan Lyócsa 
264 1 |a Košice  |c 2010 
300 |a 63 s. 
100 1 |a Ciberejová, Katarína 
700 1 |a Lyócsa, Štefan, 1982- 
710 2 |a Podnikovohospodárska fakulta EU so sídlom v Košiciach. Katedra hospodárskej informatiky a matematiky